000 00292nam a22001337a 4500
008 170527b xxu||||| |||| 00| 0 eng d
020 _a0201012588
041 _aeng
080 _23RD
_a621
100 _a26
101 _aIM
245 _aMODERN CONTROL SYSTEMS
_cDORF, R.C
942 _2udc
_cBK
999 _c14658
_d14658